Music Quiz

Random Music or Famous Quiz
Score 0/20 Timer 05:00
3 Plays Today
% Correct
Cyrus, Miley - Wrecking Ball
93.1%
Carey, Mariah - All I Want For Christmas Is You
93%
Cash, Johnny - Ring of Fire
90.3%
Cher - If I Could Turn Back Time
89.9%
Culture Club - Karma Chameleon
89.4%
Collins, Phil - In the Air Tonight
89%
CCR - Bad Moon Rising
88.2%
Coolio - Gangsta's Paradise
87.7%
Checker, Chubby - Let's Twist Again
85.2%
Clapton, Eric - Tears in Heaven
85%
% Correct
Clarkson, Kelly - Since U Been Gone
84.3%
Coldplay - Clocks
81.8%
Crow, Sheryl - All I Wanna Do
81.6%
The Clash - London Calling
80.3%
Charles, Ray - I Got a Woman
78.1%
Cooper, Alice - Poison
74.6%
The Cranberries - Zombie
73.6%
The Cure - Friday I'm in Love
72.2%
Creed - With Arms Wide Open
66.1%
Cypress Hill - Insane in the Brain
65.3%
Remove Ads.
Support Sporcle.
Get the best of Sporcle when you Go Orange. This ad-free experience offers more features, more stats, and more fun while also helping to support Sporcle. Thank you for becoming a member.

You're not logged in!

Compare scores with friends on all Sporcle quizzes.
OR
Log In

Show Comments

Extras

Top Quizzes Today


Score Distribution

Your Account Isn't Verified!

In order to create a playlist on Sporcle, you need to verify the email address you used during registration. Go to your Sporcle Settings to finish the process.

Report this User

Report this user for behavior that violates our Community Guidelines.

Details: